Name The Korean Dramas Quiz Stats

 Plays Quiz not verified by Sporcle

Challenge
Share
Tweet
Score 0/30 Timer 07:00
1 Play Today
% Correct
The Heirs
83.9%
Pinocchio
71.5%
School 2013
67%
Kill Me Heal Me
66.7%
The K2
66.7%
Healer
65.5%
My Love From The Star
64.8%
W:Two Worlds
62.2%
Reply 1997
57.7%
You're Beautiful
57.3%
Princess Hour
49.8%
The Producers
46.4%
Signal
39.3%
My Girl
38.6%
Moon Embracing The Sun
35.6%
% Correct
It's Okay It's Love
34.8%
Bel Ami
33.7%
Iris
31.8%
Autumn in My Heart
25.8%
Reply 1988
24.3%
Protect The Boss
23.2%
Beethoven Virus
15.4%
Iljimae
12.4%
Hong Gil Dong
10.5%
Can You Hear My Heart
9.7%
Sassy Girl Chunhyang
9.4%
King of Baking, Kim Takgu
9%
Another Oh Hayoung
8.2%
Seoyoung, My Daughter
7.1%
The Time Between Dog and Wolf
5.2%

You're not logged in!

Compare scores with friends on all Sporcle quizzes.
Join for Free
OR
Log In

You Might Also Like...

Show Comments

Extras

Top Quizzes Today


Score Distribution

Your Account Isn't Verified!

In order to create a playlist on Sporcle, you need to verify the email address you used during registration. Go to your Sporcle Settings to finish the process.

Report this User

Report this user for behavior that violates our Community Guidelines.

Details: